Statistics for JRの列車愛称

Click here to take the quiz!

General Stats

  • This quiz has been taken 1,527 times
    (1,382 since last reset)
  • The average score is 177 of 280

Answer Stats

HintAnswer% Correct
北海道新幹線 | 東北新幹線はやぶさ
91%
山陽新幹線 | 東海道新幹線のぞみ
89%
こだま
88%
上越新幹線とき
88%
ひかり
88%
こまち
87%
宗谷本線宗谷
85%
サンダーバード
85%
あずさ
85%
北陸新幹線(東) | 北陸新幹線(西)かがやき
85%
成田線 | 横須賀線 | 総武快速線成田エクスプレス
84%
はやて
84%
常磐線ひたち
84%
山形線つばさ
83%
踊り子
83%
はくたか
83%
かいじ
82%
さくら
82%
サンライズ出雲
81%
サンライズ瀬戸
81%
ひだ
81%
しなの
81%
北斗
80%
みずほ
80%
つばめ
80%
ときわ
79%
西九州新幹線かもめ
79%
エアポート
79%
あさま
78%
つるぎ
78%
やまびこ
77%
オホーツク
76%
しらさぎ
76%
なすの
76%
おうめ
75%
くろしお
74%
はるか
73%
みえ
73%
紀勢本線(海) | 関西本線南紀
73%
サフィール踊り子
72%
上越線 | 吾妻線草津
72%
千歳線 | 根室本線 | 石勝線おおぞら
72%
たにがわ
72%
スーパーはくと
72%
白新線 | 羽越本線いなほ
72%
内房線さざなみ
71%
京葉線 | 外房線わかしお
71%
函館本線(千歳線除く)ライラック
71%
しおさい
71%
やくも
70%
日豊本線 | 鹿児島本線ソニック
70%
マリンライナー
69%
サロベツ
68%
とかち
68%
ラビット
68%
湘南
68%
高崎線あかぎ
68%
土讃線 | 瀬戸大橋線南風
68%
ハウステンボス
67%
はちおうじ
67%
にちりん
66%
ホームライナー
66%
みどり
66%
カムイ
66%
飯田線伊那路
66%
東海道線(海)ふじかわ
65%
石北本線大雪
65%
スーパーおき
65%
ゆふ
65%
奥羽本線つがる
65%
うずしお
64%
播但線はまかぜ
64%
七尾線能登かがり火
64%
御殿場線ふじさん
64%
きのさき
63%
こうのとり
63%
すずらん
63%
ゆふいんの森
62%
しおかぜ
61%
両毛線アーバン
60%
ダイナスター
60%
スーパーいなば
59%
しらゆき
59%
嵯峨野線はしだて
58%
予讃線いしづち
58%
富士回遊
58%
にちりんシーガイア
57%
スワローあかぎ
55%
剣山
55%
リレー
54%
宇都宮線(高崎線除く)日光
54%
武蔵野線むさしの号
54%
まいづる
54%
琵琶湖線びわこエクスプレス
54%
おくたま
53%
なよろ
52%
きたみ
52%
宇和海
51%
豊肥本線あそ
51%
ホームライナー浜松
50%
アクティー
49%
しもうさ号
49%
牟岐線むろと
48%
ホームライナー静岡
48%
はなさき
48%
しまんと
48%
磐越西線あいづ
48%
スーパーまつかぜ
47%
九州横断特急
47%
きぬがわ
46%
おやすみエクスプレス
46%
おはようエクスプレス
46%
あきがわ
46%
ホームライナー沼津
45%
リレーかもめ
45%
きらめき
44%
大湊線しもきた
43%
かいおう
43%
あしずり
43%
花咲線ノサップ
41%
山田線リアス
41%
きりしま
40%
はこだてライナー
40%
サンポート
40%
ひゅうが
39%
らくラクはりま
39%
米坂線べにばな
39%
東北本線 | 釜石線はまゆり
39%
シーサイドライナー
38%
ニセコライナー
38%
ホームライナー瑞浪
37%
みすず
36%
ホームライナー大垣
36%
津山線ことぶき
35%
安芸路ライナー
35%
芸備線みよしライナー
34%
アテルイ
33%
指宿枕崎線なのはな
33%
通勤ライナー
32%
スペーシアきぬがわ
32%
狩勝
31%
とっとりライナー
28%
シティライナー
24%
只見線AIZUマウントエクスプレス
21%
しなのサンセット
20%
釧網本線しれとこ摩周号
20%
しなのサンライズ
19%
モーニングEXP高松
19%
モーニングEXP松山
19%
スノーラビット
16%
日南線日南マリーン号
14%
サンポート南風リレー号
13%
軽井沢リゾート
10%
しんたろう
7%
ホリデー宮城おとぎ街道号
4%

Score Distribution

Percentile by Number Answered

Percent of People with Each Score

Your Score History

You have not taken this quiz since the last reset